000
00338nam a22001457a 4500
008
221130b ||||| |||| 00| 0 eng d
020
_a
9780323073011
041
_a
eng
080
_2
SEVENTH EDITION
_a
610.73
082
_a
610.73ANS
100
_a
7
101
_a
INF
245
_a
DIAGNOSTIC SONOGRAPHY
_c
ANSERT H.L.S
942
_2
udc
_c
BK
999
_c
59045
_d
59045